Chipping away at public debt sources of failure and keys to success in fiscal adjustment /

"This book, edited and researched by experts at the International Monetary Fund (IMF), looks at fiscal adjustment plans in advanced economies, comparing the planned or projected reductions in debts and deficits to the actual outcomes. It also looks at whether spending exceeded expectations or r...

Full description

Bibliographic Details
Corporate Author: ProQuest (Firm)
Other Authors: Mauro, Paolo.
Format: Electronic eBook
Language:English
Published: Hoboken, N.J. : Wiley, c2011.
Subjects:
Online Access:Click to View
LEADER 02126nam a2200421 a 4500
001 EBC697729
003 MiAaPQ
005 20200520144314.0
006 m o d |
007 cr cn|||||||||
008 110401s2011 njuad sb 001 0 eng d
010 |z  2011014255 
020 |z 9781118043387 (hardback) 
020 |z 9781118113059 (e-book) 
020 |z 9781118113066 (e-book) 
020 |z 9781118113042 (e-book) 
035 |a (MiAaPQ)EBC697729 
035 |a (Au-PeEL)EBL697729 
035 |a (CaPaEBR)ebr10483271 
035 |a (CaONFJC)MIL317718 
035 |a (OCoLC)747411942 
040 |a MiAaPQ  |c MiAaPQ  |d MiAaPQ 
050 4 |a HJ8015  |b .C47 2011 
082 0 4 |a 336.3/435  |2 22 
245 0 0 |a Chipping away at public debt  |h [electronic resource] :  |b sources of failure and keys to success in fiscal adjustment /  |c edited by Paolo Mauro. 
260 |a Hoboken, N.J. :  |b Wiley,  |c c2011. 
300 |a xxv, 278 p. :  |b ill. 
504 |a Includes bibliographical references and index. 
520 |a "This book, edited and researched by experts at the International Monetary Fund (IMF), looks at fiscal adjustment plans in advanced economies, comparing the planned or projected reductions in debts and deficits to the actual outcomes. It also looks at whether spending exceeded expectations or revenues fell short of expectations, and why, and whether planned debt reductions proceeded faster or slower than projected. The concluding chapters provide an overview of what conclusions can be drawn from the chapters in terms of lessons learned and how to have the best chance for successful fiscal adjustments"--  |c Provided by publisher. 
533 |a Electronic reproduction. Ann Arbor, MI : ProQuest, 2015. Available via World Wide Web. Access may be limited to ProQuest affiliated libraries. 
650 0 |a Debts, Public. 
650 0 |a Fiscal policy. 
650 0 |a Budget deficits. 
650 0 |a Government spending policy. 
655 4 |a Electronic books. 
700 1 |a Mauro, Paolo. 
710 2 |a ProQuest (Firm) 
856 4 0 |u https://ebookcentral.proquest.com/lib/matrademy/detail.action?docID=697729  |z Click to View